• 首页
  • 本馆介绍
  • 公告通知
  • 最新文献
  • 馆藏检索
  • 电子资源
  • 读者导购
  • 参考咨询
  • 我的图书馆
  • 登录
  • 详细信息显示
  • 放入我的书架
  • 预约/预借图书
  • 作者相关作品
  • 分类相关作品
  • 丛书相关作品
  • 出版社相关作品

书目信息

  • 表格格式
  • 工作单格式
  • 卡片格式
题名:
少年棒球三年教程
    
 
作者: 梁友德 著
分册:  
出版信息: 北京   人民体育出版社  2003
页数: 215页
开本: 20cm
丛书名:
单 册:
中图分类: G848.1
科图分类:
主题词: 青少年--棒球运动--运动训练
电子资源:
ISBN: 7-5009-2429-1
000 00717nam0 2200217 45
001 002564705
005 20050104082012.7
010    @a7-5009-2429-1@dCNY13.00
100    @a20040120d2003 em y0chiy0110 ea
101 0  @achi
102    @aCN@b110000
105    @aa z 000yy
200 1  @a少年棒球三年教程@Ashao nian bang qiu san nian jiao cheng@f梁友德著@FLiang You De Zhu
210    @a北京@c人民体育出版社@d2003
215    @a215页@c图@d20cm
330    @a本书共有五章,内容包括“建队工作”,“少年棒球特点、内容与训练”,“少年棒球第一年—抓基本,打基础”等。
606 0  @a青少年@x棒球运动@x运动训练
690    @aG848.1@v4
701  0 @a梁友德@4著
801  0 @aCN@bNLC@c20040316
905    @b341736-740@dG848.1@e176@f5
    
    少年棒球三年教程/梁友德著.-北京:人民体育出版社,2003
    215页:图;20cm
    
    
    ISBN 7-5009-2429-1:CNY13.00
    本书共有五章,内容包括“建队工作”,“少年棒球特点、内容与训练”,“少年棒球第一年—抓基本,打基础”等。
●
相关链接 在E读中查询图书 在五车中查询图书 在当当中查询图书 在豆瓣中查询图书


正题名:少年棒球三年教程     索取号:G848.1/176         预约/预借

序号 登录号 条形码 馆藏地/架位号 状态 备注
1 0341736   203417365   第一样本阅览室/ [索取号:G848.1/176] 在馆    
2 0341737   203417374   第四借阅区/ [索取号:G848.1/176] 在馆    
3 0341738   203417383   第四借阅区/ [索取号:G848.1/176] 在馆    
4 0341739   203417392   第四借阅区/ [索取号:G848.1/176] 在馆    
5 0341740   203417409   第四借阅区/ [索取号:G848.1/176] 在馆    
唐山师范学院图书馆 欢迎您!
大连网信软件有限公司© 版权所有